000 00953nam a22002897a 4500
001 4451
003 FISKH
005 20240910114232.0
008 240910b cb ||||| |||| 00| 0 eng d
020 _a043943842X
040 _aFISKH
_beng
_cFISKH
_dFISKH
050 _aPZ7.P338
082 _2813.54
100 _aPeck, Richard
_d(1934–2018)
245 _aA year down yonder /
_cRichard Peck
250 _aFirst printing 2002
260 _aNew York :
_bScholastic,
_c2002
300 _a134 pages :
_c20 cm
505 _aR
520 _aDuring the recession of 1937, fifteen-year-old Mary Alice is sent to live with her feisty, larger-than-life grandmother in rural Illinois and comes to a better understanding of this fearsome woman.
521 8 _a670L
_bLexile
521 8 _aR
_bRaz-Plus
650 _2Grandmothers
_aGreat Depression
650 _2Historical fiction
_aYoung adult
_vAdventure
942 _2ddc
_cBK
_n0
999 _c4451
_d4451